Materiales para el análisis de coyuntura : programa obrero-barrial /

Guardado en:
書目詳細資料
格式: 圖書
語言:西班牙语
主題:
標簽: 添加標簽
沒有標簽, 成為第一個標記此記錄!

MARC

LEADER 00000nam^a2200000^a^4500
001 000389194
005 20250526000000.0
009 20260310121114.178
037 |a Acervo ITESO - Biblioteca 
041 |a ESP 
082 |a 300. 1  |b MAT 
245 0 0 |a Materiales para el análisis de coyuntura :  |b programa obrero-barrial / 
264 |a Santo Domingo, República Dominicana :  |b Centro Dominicano de Estudios de la Educación, Departamento de Documentación,  |c 1986 
300 |a [22 p.] ;  |c 28.0 cm. 
649 |a XX 
650 |a Obreros -  |z República Dominicana -  |x Historia -  |y 1980-1989 
650 |a Profesionistas -  |z República Dominicana -  |x Historia -  |y 1980-1989 
650 |a Estudiantes -  |z República Dominicana -  |x Historia -  |y 1980-1989 
650 |a Campesinos -  |z República Dominicana -  |x Historia -  |y 1980-1989 
650 |a Análisis de Coyuntura -  |z República Dominicana -  |x Historia -  |y 1980-1989 -  |x Tema Principal 
650 |a Proceso Político -  |z República Dominicana -  |x Historia -  |y 1980-1989 - 
650 |a Política 
650 |a República Dominicana -  |x Condiciones Políticas 
910 |a Fondo Carlos Núñez Hurtado 
920 |a Impresos - Libros 
930 |a Libros Antiguos y Raros 
905 |a 108 
901 |a 0500283864  |b IT2  |c LRA  |i D82058  |u 20250526 
902 |a https://opac.biblio.iteso.mx/vufind/Record/000389194